000 00388nam a2200157Ia 4500
005 20240807062419.0
008 240806s9999||||xx |||||||||||||| ||eng||
041 _aeng
082 _a891.431009
_bAJAV.1
100 _aMuhammad Aajun
245 0 _aBali granthawali: bhag pahla /
_cMuhammad Aajun
260 _bAnnapurna Prakashan Kanpur
300 _a0
650 _aHindi
942 _cBK
999 _c18235
_d18235